Euroopan kaupungit kirjaimittain - L - Statistics

Yleistilastot
  • Tätä visaa on pelattu 46 kertaa
  • Keskiarvotulos 16 / 34
Vastaukset kartalla
Vastauksille on annettu kartalla punavihreä väri sen mukaan, kuinka moni on saanut sen oikein.
 
Vastaustilastot
% Oikein
Suomi Lahti 121 337 60.980556 25.655556
94%
Suomi Lappeenranta 73 327 61.066667 28.183333
91%
Iso-Britannia Lontoo 8 776 535 51.500278 -0.126111
89%
Iso-Britannia Liverpool 506 552 53.4 -2.983333
83%
Portugali Lissabon 545 796 38.707222 -9.135556
77%
Ranska Lyon 519 127 45.767222 4.834444
Lahti 60.980556 25.655556 4 lahti
Lappeenranta 61.066667 28.183333 4 lappeenranta
Lárisa 39.641667 22.416667 4 larisa
Lausanne 46.521944 6.633611 4 lausanne
Le Havre 49.49 0.1 4 le-havre
Le Mans 48.007778 0.198333 4 le-mans
León 42.605556 -5.57 4 leon
Leeds 53.799722 -1.549167 4 leeds
Leicester 52.636 -1.133 4 leicester
Leipzig 51.333333 12.383333 4 leipzig
Liberec 50.716667 15.066667 4 liberec
L’Hospitalet 41.358889 2.099417 4 l-hospitalet
Liège 50.633333 5.566667 4 liege
Liepāja 56.516667 21 4 liepaja
Lille 50.627778 3.058333 4 lille
Lillehammer 61.116667 10.466667 4 lillehammer
Limerick 52.665556 -8.623611 4 limerick
Linköping 58.410833 15.621389 4 linkoping
Linz 48.303056 14.290556 4 linz
Lipetsk 52.616667 39.616667 4 lipetsk
Lissabon 38.707222 -9.135556 4 lissabon
Liverpool 53.4 -2.983333 4 liverpool
Livorno 43.55 10.316667 4 livorno
Ljubertsy 55.675722 37.892806 4 ljubertsy
Ljubljana 46.051389 14.505556 4 ljubljana
Łódź 51.759167 19.456111 4 lodz
Lontoo 51.500278 -0.126111 4 lontoo
Lublin 51.246389 22.568333 4 lublin
Lugano 46 8.95 4 lugano
Luhansk 48.5714 39.2977 4 luhansk
Luulaja 65.584444 22.153889 4 luulaja
Luxemburg 49.611667 6.13 4 luxemburg
Lviv 49.8433 24.0266 4 lviv
Lyon 45.767222 4.834444 4 lyon
74%
Ruotsi Luulaja 79 645 65.584444 22.153889
71%
Slovenia Ljubljana 290 903 46.051389 14.505556
66%
Luxemburg Luxemburg 136 161 49.611667 6.13
66%
Ranska Lille 238 246 50.627778 3.058333
63%
Iso-Britannia Leeds 536 321 53.799722 -1.549167
60%
Sveitsi Lausanne 144 873 46.521944 6.633611
57%
Ukraina Lviv 717 273 49.8433 24.0266
57%
Latvia Liepāja 67 398 56.516667 21
54%
Ruotsi Linköping 168 035 58.410833 15.621389
54%
Saksa Leipzig 611 850 51.333333 12.383333
51%
Irlanti Limerick 102 287 52.665556 -8.623611
49%
Itävalta Linz 213 557 48.303056 14.290556
46%
Norja Lillehammer 29 011 61.116667 10.466667
43%
Iso-Britannia Leicester 406 588 52.636 -1.133
40%
Puola Łódź 652 015 51.759167 19.456111
37%
Ukraina Luhansk 397 677 48.5714 39.2977
37%
Italia Livorno 152 916 43.55 10.316667
34%
Sveitsi Lugano 63 629 46 8.95
31%
Ranska Le Havre 166 687 49.49 0.1
29%
Belgia Liège 197 323 50.633333 5.566667
26%
Ranska Le Mans 146 249 48.007778 0.198333
23%
Espanja León 124 091 42.605556 -5.57
20%
Puola Lublin 329 565 51.246389 22.568333
20%
Tšekki Liberec 108 090 50.716667 15.066667
14%
Kreikka Lárisa 146 374 39.641667 22.416667
11%
Venäjä Lipetsk 483 040 52.616667 39.616667
11%
Espanja L’Hospitalet de Llobregat 292 161 41.358889 2.099417
6%
Venäjä Ljubertsy 238 534 55.675722 37.892806
0%
Ehtoja vastaavia visoja ei löytynyt
Tulosjakauma
Jokaisen tuloksen saaneiden osuus
Persentiili vastausten määrän mukaan
Tuloshistoriasi
Et ole pelannut tätä visaa